| 000 | 00779cam a2200229 4500 | ||
|---|---|---|---|
| 001 | ABS61415 | ||
| 008 | 000000n1999 000 0 eng u | ||
| 035 | _a(Sirsi) u100783 | ||
| 100 | _aBell, S.M. | ||
| 245 | _aWorkplace solutions | ||
| 260 | _c1999 | ||
| 490 |
_aJournal of Corporate Real Estate _v1(4) September 1999, 349-360(12) |
||
| 520 | _aThis paper looks at the development of work and how these changes have to be met by the workplace design process in order to provide physical solutions that meet the needs of an organisation. | ||
| 590 | _aABS | ||
| 650 | _aWORKPLACE DESIGN | ||
| 650 | _aWORK PROCESS | ||
| 650 |
_aInfrastructure _96246 |
||
| 650 | _aWORKPLACE | ||
| 690 | _aOFFICE SERVICES AND ADMINISTRATION | ||
| 700 | _aAnderson, M. | ||
| 942 | _n0 | ||
| 999 |
_c60234 _d60234 |
||